Problems on statistical mechanics / (رقم التسجيلة. 79732)
[ عرض عادي ]
| 000 -الفاتح | |
|---|---|
| حقل البيانات ثابتة الطول | 02310cam a2200493Li 4500 |
| 001 - رقم الضبط | |
| رقم الضبط | 45728882 |
| 003 - محدد رقم الضبط | |
| رقم الضبط | OCoLC |
| 005 - وقت وتاريخ اخر تعامل مع التسجيلة | |
| رقم الضبط | 20220314153058.0 |
| 006 - عناصر البيانات ثابتة الطول - خصائص المادة الاضافية-معلومات عامة | |
| حقل البيانات ثابتة الطول | m o d |
| 007 - الحقل الثابت للوصف المادى- معلومات عامة | |
| حقل البيانات ثابتة الطول | cr cn| |
| 008 - عناصر البيانات ثابتة الطول - معلومات عامة | |
| حقل البيانات ثابتة الطول | 001106t19991999enka o 001 0 eng d |
| 020 ## - الرقم الدولى المعيارى للكتب | |
| الرقم الدولى المعيارى للكتاب | 0585294194 (electronic bk.) |
| 020 ## - الرقم الدولى المعيارى للكتب | |
| الرقم الدولى المعيارى للكتاب | 9780585294193 (electronic bk.) |
| 020 ## - الرقم الدولى المعيارى للكتب | |
| الرقم الدولى المعيارى للكتاب | 9781420050875 (ebook) |
| 020 ## - الرقم الدولى المعيارى للكتب | |
| الرقم الدولى المعيارى للكتاب | 1420050877 (ebook) |
| 020 ## - الرقم الدولى المعيارى للكتب | |
| الرقم الدولى المعيارى للكتاب | 9780750305204 (hbk.) |
| 020 ## - الرقم الدولى المعيارى للكتب | |
| الرقم الدولى المعيارى للكتاب | 0750305207 (hbk.) |
| 020 ## - الرقم الدولى المعيارى للكتب | |
| الرقم الدولى المعيارى للكتاب | 9780750305211 (pbk.) |
| 020 ## - الرقم الدولى المعيارى للكتب | |
| الرقم الدولى المعيارى للكتاب | 0750305215 (pbk.) |
| 035 ## - رقم ضبط النظام | |
| رقم ضبط النظام | (OCoLC)45728882 |
| 040 ## - مصدر الفهرسة | |
| وكالة الفهرسة الأصلية | N$T |
| لغة الفهرسة | eng |
| قواعد الوصف | rda |
| وكالة النسخ | N$T |
| وكالة التعديل | OCL |
| -- | OCLCQ |
| -- | YDXCP |
| -- | OCLCQ |
| -- | TUU |
| -- | OCLCQ |
| -- | TNF |
| -- | UV0 |
| -- | TULIB |
| 050 #4 - رقم طلب مكتبة الكونجرس | |
| رقم التصنيف | QC174.884 |
| رقم المادة | .D35 1999eb |
| 072 #7 - رمز الفئه الموضوعية | |
| رمز فئه الموضوع | SCI |
| مجموعة رمز فئه الموضوع | 055000 |
| المصدر | bisacsh |
| 082 04 - رقم تصنيف ديوى العشرى | |
| رقم التصنيف | 530.13076 |
| رقم الطبعة | 21 |
| رقم المادة | DDP |
| 100 1# - المدخل الرئيسى - إسم شخصى | |
| الإسم الشخصى | Dalvit, Diego A. R. |
| 9 (RLIN) | 89487 |
| 245 10 - بيان العنوان | |
| العنوان | Problems on statistical mechanics / |
| بيان المسئوليه,etc | Diego A.R. Dalvit, Jaime Frastai, Ian D. Lawrie. |
| 264 #1 - النشر, التوزيع, ETC. (IMPRINT) | |
| مكان الناشر او الموزع | Bristol ; |
| -- | Philadelphia : |
| اسم الناشر او الموزع | Institute of Physics Pub., |
| تاريخ النشر أو التوزيع | [1999] |
| 264 #4 - النشر, التوزيع, ETC. (IMPRINT) | |
| تاريخ النشر أو التوزيع | ℗♭1999 |
| 300 ## - الوصف المادى | |
| التعداد | 1 online resource (vii, 284 pages) : |
| تفاصيل ماديه اخرى للوعاء | illustrations. |
| 490 1# - بيان السلسلة | |
| عنوان السلسلة | Graduate student series in physics |
| 500 ## - تبصرة عامة | |
| تبصرة عامة | Includes index |
| 506 ## - تبصرة قيود الاتاحة | |
| قيود الإتاحة | Available to OhioLINK libraries |
| 650 #0 - المدخل الاضافى بالموضوع-مصطلح موضوعى | |
| مصطلح موضوعي أو اسم جغرافي كعنصر مدخل | Statistical mechanics |
| التقسيم الفرعي الشكلي | Problems, exercises, etc. |
| 9 (RLIN) | 89488 |
| 650 #4 - المدخل الاضافى بالموضوع-مصطلح موضوعى | |
| مصطلح موضوعي أو اسم جغرافي كعنصر مدخل | Statistical mechanics |
| التقسيم الفرعي العام | Problems, exercises, etc. |
| 9 (RLIN) | 89489 |
| 655 #4 - مصطلح تكشيفى-نوع/شكل | |
| بيانات النوع/ الشكل أو المصطلح الأساسي | Electronic books. |
| 9 (RLIN) | 89490 |
| 700 1# - المدخل الاضافى - اسم شخصى | |
| الإسم الشخصى | Frastai, Jaime. |
| 9 (RLIN) | 89491 |
| 700 1# - المدخل الاضافى - اسم شخصى | |
| الإسم الشخصى | Lawrie, Ian D. |
| 9 (RLIN) | 89492 |
| 710 2# - المدخل الاضافى - اسم هيئه | |
| اسم الهيئة أو اسم السلطة كمدخل | Ohio Library and Information Network. |
| 9 (RLIN) | 89493 |
| 776 08 - مدخل الشكل المادى الاضافى | |
| نص العرض | Print version: |
| رأس المدخل الرئيسي | Dalvit, Diego A.R. |
| العنوان | Problems on statistical mechanics. |
| الناشر و مكان و تاريخ النشر | Bristol ; Philadelphia : Institute of Physics Pub., c1999 |
| الرقم الدولى المعيارى للكتاب | 0750305215 |
| رقم ضبط التسجيلة | (DLC) 99016504 |
| -- | (OCoLC)41580362 |
| 830 #0 - المدخل الاضافى بالسلسلة -عنوان موحد | |
| عنوان موحد | Graduate student series in physics. |
| 9 (RLIN) | 8923 |
| 856 40 - الوصول و الموقع الالكترونى | |
| مواد محددة | EBSCOhost (OhioLINK access limited to 1 user at a time. Try again later if not working.) |
| معرف المصدر الموحد | <a href="http://search.ebscohost.com/login.aspx?direct=true&scope=site&db=nlebk&db=nlabk&AN=27509">http://search.ebscohost.com/login.aspx?direct=true&scope=site&db=nlebk&db=nlabk&AN=27509</a> |
| تبصرة عامة | Connect to resource |
| 856 40 - الوصول و الموقع الالكترونى | |
| مواد محددة | EBSCOhost (OhioLINK access limited to 1 user at a time. Try again later if not working.) |
| معرف المصدر الموحد | <a href="http://proxy.ohiolink.edu:9099/login?url=http://search.ebscohost.com/login.aspx?direct=true&scope=site&db=nlebk&db=nlabk&AN=27509">http://proxy.ohiolink.edu:9099/login?url=http://search.ebscohost.com/login.aspx?direct=true&scope=site&db=nlebk&db=nlabk&AN=27509</a> |
| تبصرة عامة | Connect to resource (off-campus) |
| 942 ## - عناصر المدخل الإضافي( كوها) | |
| مصدر التصنيف او مخطط الترفيف | Dewey Decimal Classification |
| Koha [default] item type | كتاب |
| حالة الفقد | نموذج السعر الفعال | حالة تلف | ليس للاعارة | رقم الطلب | تاريخ الاكتساب | الموقع الحالي | الباركود | الفرع الرئيسي | Date last seen | نوع المادة فى نظام كوها | مصدر التصنيف او خطة الترفيف | Total Checkouts |
|---|---|---|---|---|---|---|---|---|---|---|---|---|
| 2022-03-14 | 530.13076 DDP | 2022-03-14 | المكتبة المركزية بالمجمعة (CL) | 00168934 | المكتبة المركزية بالمجمعة (CL) | 2022-03-14 | كتاب | Dewey Decimal Classification | ||||
| 2022-03-14 | 530.13076 DDP | 2022-03-14 | المكتبة المركزية بالمجمعة (CL) | 00168935 | المكتبة المركزية بالمجمعة (CL) | 2022-03-14 | كتاب | Dewey Decimal Classification | ||||
| 2022-03-14 | 530.13076 DDP | 2022-03-14 | المكتبة المركزية بالمجمعة (CL) | 00168936 | المكتبة المركزية بالمجمعة (CL) | 2022-03-14 | كتاب | Dewey Decimal Classification | ||||
| 2022-03-14 | 530.13076 DDP | 2022-03-14 | كلية الشريعة والقانون - طالبات | 00168937 | كلية الشريعة والقانون - طالبات | 2022-03-14 | كتاب | Dewey Decimal Classification | ||||
| 2022-03-14 | 530.13076 DDP | 2022-03-14 | كلية الشريعة والقانون - طالبات | 00168938 | كلية الشريعة والقانون - طالبات | 2022-03-14 | كتاب | Dewey Decimal Classification | ||||
| 2022-03-14 | 530.13076 DDP | 2022-03-14 | مكتبة كلية العلوم و الدراسات الإنسانية برماح - طالبات (SRF) | 00168939 | مكتبة كلية العلوم و الدراسات الإنسانية برماح - طالبات (SRF) | 2022-03-14 | كتاب | Dewey Decimal Classification | ||||
| 2022-03-14 | 530.13076 DDP | 2022-03-14 | مكتبة كلية العلوم و الدراسات الإنسانية برماح - طالبات (SRF) | 00168940 | مكتبة كلية العلوم و الدراسات الإنسانية برماح - طالبات (SRF) | 2022-03-14 | كتاب | Dewey Decimal Classification |
